[Event "Antwerp League-ch Series A"]
[Site "Deurne"]
[Date "1987.02.15"]
[Round "8"]
[White "Robeys, Karel"]
[Black "Denys, Johan"]
[Result "0-1"]
[WhiteElo "1970"]
[BlackElo "2066"]
[PlyCount "50"]
[EventDate "1986.10.26"]
[EventType "tourn"]
[EventRounds "9"]
[EventCountry "BEL"]
[SourceTitle "EXT 2021"]
[Source "ChessBase"]
[SourceDate "2020.10.23"]
[SourceVersion "1"]
[SourceVersionDate "2020.10.23"]
[SourceQuality "1"]

1. d4 Nf6 2. Nf3 g6 3. e3 Bg7 4. Bd3 0-0 5. 0-0 d5 6. c3 c6 7. Nbd2 Nbd7 8. b3 Re8 9. Bb2 e5 10. Nxe5 Nxe5 11. dxe5 Rxe5 12. c4 Rh5 13. Qc2 Qd6 14. f4 Qe7 15. Rae1 Bd7 16. c5 Re8 17. e4 dxe4 18. Nxe4 Nxe4 19. Rxe4 Qxc5+ 20. Qxc5 Rxc5 21. Rxe8+ Bxe8 22. Re1 Bd7 23. Re7 Rd5 24. Bc4 Rd1+ 25. Kf2 Bxb2 0-1

[Event "Antwerp League-ch Series A"]
[Site "Deurne"]
[Date "1987.02.14"]
[Round "7"]
[White "Hanssen, Paul"]
[Black "Robeys, Karel"]
[Result "1-0"]
[WhiteElo "1940"]
[BlackElo "1970"]
[PlyCount "65"]
[EventDate "1986.10.26"]
[EventType "tourn"]
[EventRounds "9"]
[EventCountry "BEL"]
[SourceTitle "EXT 2021"]
[Source "ChessBase"]
[SourceDate "2020.10.23"]
[SourceVersion "1"]
[SourceVersionDate "2020.10.23"]
[SourceQuality "1"]

1. e4 e6 2. d4 d5 3. Nc3 Nf6 4. e5 Nfd7 5. f4 c5 6. Nf3 Nc6 7. Be3 Ne7 8. Bd3 g6 9. 0-0 h5 10. Qe1 Nf5 11. Bf2 a6 12. dxc5 Nxc5 13. Be2 Bd7 14. a4 Rc8 15. Nd4 h4 16. b4 Ne4 17. Nxe4 dxe4 18. Nxf5 exf5 19. c4 Be7 20. a5 Rc6 21. Qc3 0-0 22. Rfd1 Qc8 23. c5 g5 24. Qd2 Rd8 25. fxg5 Rg6 26. Bh5 Bxg5 27. Qa2 Rg7 28. Qe2 Bb5 29. Qe1 Bd3 30. Bxh4 Qc6 31. Bxg5 Rxg5 32. Qh4 Qh6 33. Bxf7+ 1-0